| 000 | 00691cam a22002293a 4500 | ||
|---|---|---|---|
| 001 | 1311 | ||
| 003 | PGUSA | ||
| 005 | 20140828082959.0 | ||
| 008 | 980501s1998||||xxu|||||s|||||000 | eng d | ||
| 040 |
_aPGUSA _beng |
||
| 042 | _adc | ||
| 050 | 4 | _aPR | |
| 100 | 1 |
_aDunsany, Edward John Moreton Drax Plunkett, Baron, _d1878-1957 |
|
| 245 | 1 | 0 |
_aIf : _bA Play in Four Acts _h[electronic resource] / _cEdward John Moreton Drax Plunkett, Baron Dunsany |
| 260 |
_bProject Gutenberg, _c1998 |
||
| 506 | _aPublic domain in the USA. | ||
| 516 | _aElectronic text | ||
| 653 | _aEnglish drama | ||
| 830 | 0 |
_aProject Gutenberg _v1311 |
|
| 856 | 4 | 0 | _uhttp://www.gutenberg.org/ebooks/1311 |
| 942 | _cEB | ||
| 999 |
_c230659 _d230659 |
||